| 000 | 01148nam a2200265Ia 4500 | ||
|---|---|---|---|
| 003 | GCL | ||
| 008 | 140319s9999 xx 000 0 ara d | ||
| 040 |
_aGCL / _cGCL |
||
| 082 | 0 | 4 |
_a328.3454 _bع م |
| 100 | 1 | _aعبداللاه شحاتة الشقانى | |
| 245 | 1 | 0 |
_aمبدا الاشراف القضائى على الاقتراع العام : _bالانتخابات الرئاسية والتشريعية والمحلية : دراسة مقارنة / _cعبداللاه شحاتة الشقانى |
| 260 |
_aالقاهرة : _bدار النهضة العربية ، _c2005 |
||
| 300 |
_a750 ص ؛ _c24 سم |
||
| 650 | 0 | 4 | _aالانتخابات المحلية |
| 650 | 0 | 4 | _aالانتخابات - مصر |
| 650 | 0 | 4 | _aالانتخابات الرئاسية |
| 650 | 0 | 4 | _aالاقتراع السرى |
| 650 | 0 | 4 | _aالتصويت |
| 650 | 0 | 4 | _aالانتخابات - اشراف قضائى |
| 650 | 0 | 4 | _aمصر - مجلس الشعب - انتخابات |
| 650 | 0 | 4 | _aمصر - مجلس الشورى - انتخابات |
| 650 | 0 | 4 | _aالانتخابات - فرنسا |
| 650 | 0 | 4 | _aالانتخابات التشريعية |
| 942 |
_2ddc _cBK |
||
| 999 |
_c8610 _d8610 |
||